| Record ID | ia:halfinshadow0000coun |
| Source | Internet Archive |
| Download MARC XML | https://archive.org/download/halfinshadow0000coun/halfinshadow0000coun_marc.xml |
| Download MARC binary | https://www.archive.org/download/halfinshadow0000coun/halfinshadow0000coun_meta.mrc |
LEADER: 01184cam 2200361 i 4500
001 ocm16489526
003 OCoLC
005 20220804132819.0
008 800730r19801978enk 000 1 eng
040 $aUKM$beng$cUKM$dOCLCG$dOCLCF$dOCLCQ$dOCLCO$dYDXCP$dOCLCA$dOCLCO
015 $aGB80-18502
020 $a0718302877
020 $a9780718302870
035 $a(OCoLC)16489526
082 04 $a823/.9/1$218
100 1 $aCounselman, Mary Elizabeth,$d1911-1995.
245 10 $aHalf in shadow /$cMary Elizabeth Counselman.
260 $aLondon :$bKimber,$c1980.
300 $aix, 212 pages ;$c23 cm
336 $atext$btxt$2rdacontent
337 $aunmediated$bn$2rdamedia
338 $avolume$bnc$2rdacarrier
500 $aOriginally published: Sauk City : Arkham House, 1978.
650 0 $aShort stories, English.
650 6 $aNouvelles anglaises.
650 7 $aShort stories, English.$2fast$0(OCoLC)fst01117174
653 $aShort stories in English, 1900- Texts
938 $aYBP Library Services$bYANK$n11881192
029 1 $aAU@$b000001846101
029 1 $aNZ1$b2822904
029 1 $aUNITY$b07538244X
994 $aZ0$bIME
948 $hNO HOLDINGS IN IME - 21 OTHER HOLDINGS